Marvel MCU : Characters - Statistics

General Stats
  • This quiz has been taken 378 times
  • The average score is 54 of 105
Answer Stats
First Apearence Characters % Correct
Iron Man Tony Stark / Iron Man
99%
The Incredible Hulk Bruce Banner / Hulk
96%
Thor Thor
91%
Thor Loki
88%
Iron Man 2 Natasha Romanoff / Black Widow
88%
Captain America : The First Avenger Steve Rogers / Captain America
88%
Iron Man Pepper Potts
87%
Iron Man Nick Fury
84%
Guardians Of The Galaxy Peter Quill / Star-Lord
81%
Thor Clint Barton / Hawkeye / Ronin
80%
Guardians Of The Galaxy Gamora
80%
Ant-Man Scott Lang / Ant-Man
80%
Guardians Of The Galaxy Groot
79%
Ant-Man Hope Van Dyne / The Wasp
79%
Iron Man James Rhodes / War Machine
79%
Thor Odin
79%
Captain America : Civil War Peter Parker / Spider-Man
79%
Guardians Of The Galaxy Rocket
79%
Ant-Man Hank Pym / Ant-Man
78%
Ant-Man And The Wasp Janet Van Dyne / The Wasp
78%
The Avengers Thanos
78%
Guardians Of The Galaxy Drax The Destroyer
77%
Captain America : Civil War T'Challa / Black Panther
77%
Captain America : The Winter Soldier Wanda Maximoff / Scarlet Witch
77%
Captain America : The First Avenger Bucky Barnes
75%
Avengers : Age Of Ultron Ultron
74%
Captain Marvel Carol Danvers / Vers / Captain Marvel
73%
Captain America : The Winter Soldier Pietro Maximoff / Quicksilver
72%
Thor Jane Foster
70%
Spider-Man : Homecoming Michelle / MJ
70%
Captain America : The Winter Soldier Sam Wilson / Falcon
70%
Iron Man Happy Hogan
69%
Captain America : The First Avenger Johann Schmidt / Red Skull
68%
Guardians Of The Galaxy Nebula
68%
Doctor Strange Stephen Strange / Dr. Strange
68%
Captain America : The First Avenger Peggy Carter
67%
Avengers : Age Of Ultron Vision
67%
Spider-Man : Homecoming Ned Leeds
66%
Guardians Of The Galaxy Vol.2 Mantis
65%
The Avengers Maria Hill
63%
Black Panther Shuri
63%
The Incredible Hulk Thadeus Ross
61%
Thor : Ragnarok Hela
60%
Spider-Man : Far From Home Quentin Beck / Mysterio
60%
Guardians Of The Galaxy Vol.2 Ego
59%
Iron Man Obadiah Stane / Iron Monger
59%
Doctor Strange The Ancient One
59%
Thor : Ragnarok Valkyrie
59%
Spider-man : Homecoming Adrian Toomes / Vulture
58%
Iron Man Phil Coulson
58%
Doctor Strange Wong
58%
Guardians Of The Galaxy Yondu Udonta
58%
Thor Frigga
56%
Black Panther Okoye
56%
Thor Heimdall
53%
The Incredible Hulk Emil Blonsky / Abomination
52%
Guardians Of The Galaxy Ronan The Accuser
51%
Thor : Ragnarok Korg
48%
Ant-Man Darren Cross / Yellowjacket
47%
Thor : Ragnarok Grandmaster
46%
Doctor Strange Dormammu
45%
Thor : The Dark World Malekith
44%
Ant-Man And The Wasp Ava Starr / Ghost
41%
Thor : The Dark World Taneleer Tivan / Collector
40%
Avengers : Infinity War Ebony Maw
39%
Ant-Man Cassie
38%
Black Panther M'Baku
38%
Doctor Strange Karl Mordo
37%
Thor Erik Selvig
36%
Ant-Man Luis
36%
Avengers : Infinity War Proxima Midnight
35%
Iron Man 3 Aldrich Killian
34%
Captain America : The Winter Soldier Brock Rumlow / Crossbones
34%
Doctor Strange Kaecilius
33%
Spider-Man : Homecoming May Parker
33%
Captain America : The Winter Soldier Alexander Pierce
32%
Thor : Ragnarok Miek
32%
Captain America : The Winter Soldier Sharon Carter
32%
Black Panther T'Chaka
31%
Black Panther Erik Killmonger
30%
Doctor Strange Christine Palmer
29%
Avengers : Infinity War Cull Obsidian
29%
Black Panther Nakia
29%
Avengers : Infinity War Corvus Glaive
28%
Captain Marvel Maria Rambeau
27%
Black Panther Ramonda
24%
Thor : Ragnarok Surtur
24%
Captain Marvel Talos
23%
Iron Man J.A.R.V.I.S.
22%
Avengers : Endgame Morgan Stark
22%
Captain Marvel Yon-Rogg
22%
Guardians Of The Galaxy Vol.2 Ayesha
19%
Captain Marvel Goose
18%
Thor : Ragnarok Skurge
18%
Ant-Man Dave
17%
Ant-Man Kurt
16%
Ant-Man And The Wasp Bill Foster
15%
Iron Man 3 Harley Keener
15%
Spider-Man : Homecoming Betty Brant
11%
Captain America : Civil War Everett K. Ross
11%
Avengers : Age Of Ultron F.R.I.D.A.Y.
10%
Spider-Man : Far From Home Hydro-Man
9%
Spider-Man : Far From Home Sandman
9%
Spider-Man : Far From Home Molten-Man
7%
Spider-Man : Far From Home Cyclone
3%
No matching quizzes found
Score Distribution
Percent of People with Each Score
Percentile by Number Answered
Your Score History
You have not taken this quiz